| 000 | 01130aam a2200373 4500 | ||
|---|---|---|---|
| 005 | 20181127101924.0 | ||
| 008 | 150528b xxu||||| |||| 00| 0 spa d | ||
| 041 | _aEspañol | ||
| 082 | _a005.1 L864m | ||
| 100 |
_aLópez Román, Leobardo _920235 |
||
| 245 | _aMetodología de la programación orientada a objetos | ||
| 260 |
_aMéxico _bAlfaomega _c2010 |
||
| 300 | _a453 páginas | ||
| 505 | _aCONTIENE DISCO COMPACTO N 537 | ||
| 650 |
_aPROGRAMACIÓN ORIENTADA A OBJETOS _9377 |
||
| 650 |
_aLENGUAJES DE PROGRAMACIÓN _9372 |
||
| 650 |
_aSECUENCIACIÓN _920237 |
||
| 650 |
_aESTRUCTURA DE DATOS _95630 |
||
| 650 |
_aSELECCIÓN _918415 |
||
| 650 |
_aDO...WHILE _920238 |
||
| 650 |
_aARREGLOS _95626 |
||
| 650 |
_aMETODOS _950845 |
||
| 650 |
_aDIAGRAMAS DE CLASES _920240 |
||
| 650 |
_aESTRUCTURA DE SECUENCIACIÓN _920241 |
||
| 650 |
_aESTRUCTURA DE SELECCIÓN _917803 |
||
| 650 |
_aESTRUCTURAS DE REPETICIÓN _920242 |
||
| 650 |
_aHERENCIA _91797 |
||
| 650 |
_aPOLIMORFISMO _95627 |
||
| 650 |
_aJAVA _95528 |
||
| 650 |
_aUML _95536 |
||
| 650 |
_aCLASES _9375 |
||
| 650 |
_aENCAPSULACIÓN _920243 |
||
| 942 | _cBK | ||
| 999 |
_c2355 _d2355 |
||